[Event "CZE-chT2A 2223"]
[Site "Czech Republic"]
[Date "2023.01.08"]
[Round "6.4"]
[White "Richtrova, Eliska"]
[Black "Lamser, Jan"]
[Result "1/2-1/2"]
[WhiteElo "2176"]
[BlackElo "1914"]
[PlyCount "53"]
[EventDate "2022.10.16"]
[EventType "team-tourn"]
[EventRounds "11"]
[EventCountry "CZE"]
[SourceTitle "EXT 2024"]
[Source "ChessBase"]
[SourceDate "2023.10.10"]
[SourceVersion "1"]
[SourceVersionDate "2023.10.10"]
[SourceQuality "1"]
[WhiteTeam "Budejovice"]
[BlackTeam "Unichess"]
[WhiteTeamCountry "CZE"]
[BlackTeamCountry "CZE"]

1. e4 d6 2. d4 Nf6 3. Nc3 e5 4. dxe5 dxe5 5. Qxd8+ Kxd8 6. Bc4 Ke8 7. Bg5 Bd6 8. 0-0-0 a6 9. a4 Nfd7 10. Nge2 f6 11. Be3 Nc6 12. g3 Nf8 13. f4 Be6 14. Bd5 Bxd5 15. exd5 Ne7 16. Ne4 Nf5 17. Bd2 Nd7 18. Rhf1 Ne7 19. Be3 Nf5 20. Bg1 exf4 21. Nxd6+ Nxd6 22. Nxf4 Kf7 23. Ne6 Rac8 24. g4 Rhe8 25. Nf4 Re4 26. Rd4 Rxd4 27. Bxd4 1/2-1/2

[Event "EU-ch (Women) 22nd"]
[Site "Prague"]
[Date "2022.08.27"]
[Round "7"]
[White "Roebers, Eline"]
[Black "Richtrova, Eliska"]
[Result "1-0"]
[WhiteElo "2324"]
[BlackElo "2204"]
[PlyCount "55"]
[EventDate "2022.08.20"]
[EventType "swiss"]
[EventRounds "11"]
[EventCountry "CZE"]
[SourceTitle "CBM 209 Extra"]
[Source "ChessBase"]
[SourceDate "2022.09.30"]
[SourceVersion "1"]
[SourceVersionDate "2022.09.30"]
[SourceQuality "1"]

1. e4 c5 2. Nf3 e6 3. d4 cxd4 4. Nxd4 a6 5. Bd3 Qc7 6. Qe2 Nc6 7. Nxc6 Qxc6 8. Nc3 Nf6 9. f4 Bb4 10. Bd2 b5 11. 0-0-0 Bb7 12. Rhe1 Rc8 13. g4 0-0 14. Kb1 Bxc3 15. Bxc3 d5 16. e5 Ne4 17. Bd4 Rc7 18. g5 b4 19. Qh5 a5 20. Re3 Ba6 21. Rh3 Rfc8 22. Qxh7+ Kf8 23. Bxe4 dxe4 24. c3 bxc3 25. Rxc3 Qa4 26. Qh8+ Ke7 27. Rxc7+ Rxc7 28. Bc5+ 1-0

[Event "CZE-chT1W 2122"]
[Site "Czech Republic"]
[Date "2021.12.12"]
[Round "5.1"]
[White "Richtrova, Eliska"]
[Black "Smolik, Jachym"]
[Result "0-1"]
[WhiteElo "2199"]
[BlackElo "2218"]
[PlyCount "92"]
[EventDate "2021.10.10"]
[EventType "team-tourn"]
[EventRounds "11"]
[EventCountry "CZE"]
[SourceTitle "EXT 2023"]
[Source "ChessBase"]
[SourceDate "2022.10.05"]
[SourceVersion "1"]
[SourceVersionDate "2022.10.05"]
[SourceQuality "1"]
[WhiteTeam "Ceske Budejovice"]
[BlackTeam "Ricany Betsys"]
[WhiteTeamCountry "CZE"]
[BlackTeamCountry "CZE"]

1. d4 Nf6 2. Nf3 e6 3. Bg5 d5 4. e3 c5 5. c3 Nc6 6. Bd3 Bd6 7. 0-0 0-0 8. Nbd2 e5 9. dxe5 Nxe5 10. Nxe5 Bxe5 11. e4 h6 12. Bxf6 Bxf6 13. exd5 Qxd5 14. Ne4 Qc6 15. Nxf6+ Qxf6 16. Re1 Be6 17. Be4 Rad8 18. Qc2 b6 19. Rad1 Qg5 20. a3 Bg4 21. Rxd8 Rxd8 22. Bc6 Bf5 23. Qe2 Rd6 24. Qe8+ Kh7 25. Bf3 Re6 26. Rxe6 Bxe6 27. h4 Qxh4 28. Qb8 Qe7 29. Qe5 Qd7 30. b4 cxb4 31. axb4 g6 32. g3 Bc4 33. Be2 Bd5 34. c4 Bb7 35. Qc3 Qf5 36. f4 h5 37. c5 bxc5 38. bxc5 Bc6 39. Kf2 Qh3 40. Bf1 Qh2+ 41. Ke1 h4 42. Qf6 Qxg3+ 43. Kd2 Bd5 44. f5 Qf4+ 45. Kc3 Qe3+ 46. Kb4 Qb3+ 0-1

[Event "EUR-ch Seniors 50"]
[Site "Prague"]
[Date "2021.09.07"]
[Round "9.1"]
[White "Papacek, Stepan"]
[Black "Richtrova, Eliska"]
[Result "1/2-1/2"]
[WhiteElo "2256"]
[BlackElo "2186"]
[PlyCount "85"]
[EventDate "2021.08.30"]
[EventType "team-tourn"]
[EventRounds "9"]
[EventCountry "CZE"]
[SourceTitle "CBM 204 Extra"]
[Source "ChessBase"]
[SourceDate "2021.11.30"]
[SourceVersion "1"]
[SourceVersionDate "2021.11.30"]
[SourceQuality "1"]
[WhiteTeam "Litomerice Slavoj 50"]
[BlackTeam "Czech Republic (Women) 50"]
[WhiteTeamCountry "CZE"]
[BlackTeamCountry "CZE"]

1. e4 c5 2. Nf3 Nc6 3. Nc3 g6 4. d4 cxd4 5. Nxd4 Bg7 6. Nb3 d6 7. Be2 Be6 8. 0-0 Nf6 9. f4 Qb6+ 10. Kh1 h5 11. Nd5 Bxd5 12. exd5 Nb4 13. Bf3 h4 14. c3 Na6 15. Re1 Qc7 16. Be3 Qd7 17. Bd4 Kf8 18. Kg1 Nc7 19. c4 e6 20. dxe6 Nxe6 21. Be3 Rc8 22. Rc1 b6 23. Nd4 Ne8 24. b4 Bf6 25. c5 bxc5 26. bxc5 d5 27. c6 Qd8 28. Nxe6+ fxe6 29. Bxa7 Ng7 30. Bg4 Kf7 31. Bd4 Nf5 32. Bxf5 gxf5 33. c7 Qe7 34. Rc6 Rh6 35. Bxf6 Qxf6 36. Rexe6 Qxe6 37. Rxe6 Kxe6 38. Qd4 Rhh8 39. h3 Kd6 40. Qe5+ Kc5 41. Qc3+ Kd6 42. Qe5+ Kc5 43. Qc3+ 1/2-1/2

[Event "CZE-ch Betsys Online Blitz"]
[Site "Chess.com INT"]
[Date "2021.04.17"]
[Round "4"]
[White "Richtrova, Eliska"]
[Black "Roubalik, Jakub"]
[Result "0-1"]
[WhiteElo "2186"]
[BlackElo "2391"]
[PlyCount "84"]
[EventDate "2021.04.17"]
[EventType "swiss (blitz)"]
[EventRounds "13"]
[EventCountry "CZE"]
[SourceTitle "CBM 201 Extra"]
[Source "ChessBase"]
[SourceDate "2021.05.31"]
[SourceVersion "1"]
[SourceVersionDate "2021.05.31"]
[SourceQuality "1"]

1. e4 e5 2. Nf3 Nc6 3. Bc4 Nf6 4. d3 Be7 5. h3 0-0 6. 0-0 d6 7. Bb3 Na5 8. Ba4 Bd7 9. Bxd7 Qxd7 10. c3 Nc6 11. b4 a6 12. a4 Rfe8 13. Bb2 Bf8 14. Nbd2 Ne7 15. d4 Ng6 16. dxe5 dxe5 17. Qc2 Nf4 18. Kh2 Rad8 19. Nc4 Qe6 20. Ne3 Qc6 21. Rad1 Rxd1 22. Rxd1 Qxe4 23. Qxe4 Nxe4 24. Kg1 Nf6 25. h4 e4 26. Nd4 Nd3 27. Ba1 c5 28. Ndc2 Rc8 29. b5 axb5 30. axb5 Ra8 31. f3 Nf4 32. c4 exf3 33. gxf3 N6h5 34. Kf2 Be7 35. Nf5 Bf6 36. Bxf6 Nxf6 37. Nce3 g6 38. Nd6 Ra2+ 39. Kg3 N6h5+ 40. Kg4 Re2 41. Ndf5 gxf5+ 42. Nxf5 Rg2+ 0-1

[Event "Pardubice Czech op-E 31st"]
[Site "Pardubice"]
[Date "2020.09.20"]
[Round "7.3"]
[White "Richtrova, Eliska"]
[Black "Jurcik, Marian"]
[Result "0-1"]
[WhiteElo "2183"]
[BlackElo "2426"]
[PlyCount "84"]
[EventDate "2020.09.17"]
[EventType "team-swiss"]
[EventRounds "7"]
[EventCountry "CZE"]
[SourceTitle "CBM 198 Extra"]
[Source "ChessBase"]
[SourceDate "2020.11.30"]
[SourceVersion "1"]
[SourceVersionDate "2020.11.30"]
[SourceQuality "1"]
[WhiteTeam "Ceske Budejovice"]
[BlackTeam "Stay Positive"]
[WhiteTeamCountry "CZE"]
[BlackTeamCountry "CZE"]

1. Nf3 d5 2. g3 Nc6 3. Bg2 e5 4. d3 Be6 5. c3 Qd7 6. b4 f6 7. 0-0 Bh3 8. e4 Bxg2 9. Kxg2 dxe4 10. dxe4 Qxd1 11. Rxd1 a5 12. b5 Nd8 13. Ba3 Nh6 14. Nfd2 Nhf7 15. Nc4 b6 16. Bxf8 Rxf8 17. Nba3 Nb7 18. Ne3 Nfd6 19. f3 0-0-0 20. Nd5 Rd7 21. g4 g6 22. c4 f5 23. exf5 gxf5 24. g5 Rg7 25. h4 h6 26. f4 exf4 27. Nxf4 Nc5 28. g6 Ne6 29. Nxe6 Rxg6+ 30. Kf3 Rxe6 31. c5 bxc5 32. Rac1 Rfe8 33. Rxc5 Re3+ 34. Kf2 Nb7 35. Rc6 Rxa3 36. b6 Rxa2+ 37. Kf3 Re7 38. Rdc1 Ra3+ 39. Kg2 Rd3 40. Rxh6 Rd6 41. Rh8+ Rd8 42. Rh6 Kb8 0-1